East EurOOPe'91 Oroceedings. Conference, tutorials and exhibition on object-oriented programming : Konf. Bratislava, 15.- 19. sept. 1991, ČSFR /

Gespeichert in:
Bibliographische Detailangaben
1. Verfasser: Mrázik, Augustín (ZRE)
Format: Buch
Sprache:Englisch
Veröffentlicht: Bratislava : Artinapples, 1991
Tags: Tag hinzufügen
Keine Tags, Fügen Sie das erste Tag hinzu!

MARC

LEADER 00000nam a22000003a 4500
001 stu986
005 20150617225704.1
008 920110s1991----cs------------------eng-d
040 |a STU  |b slo 
041 0 |a eng 
044 |a cs 
080 |a 681.322.06 
080 |a 519.683 
080 |a 061.3(08) 
100 1 |a Mrázik, Augustín  |4 ZRE 
245 1 |a East EurOOPe'91 Oroceedings. Conference, tutorials and exhibition on object-oriented programming :  |b Konf. Bratislava, 15.- 19. sept. 1991, ČSFR /  |c ZRE Mrázik,A 
260 |a Bratislava :  |b Artinapples,  |c 1991 
300 |a 174 s 
996 |c I*Z4570  |l I  |s A  |a 24  |w stu986_0001